000 01080nam a22002657a 4500
001 7709
003 FISKH
005 20250731153404.0
008 250731b cb ||||| |||| 00| 0 eng d
020 _a9781781750216
040 _aFISKH
_beng
_cFISKH
_dFISKH
050 _aPZ7
082 _a398.2
100 _aAnonymous
245 _aChicken licken :
_bLet me read /
260 _aNew Delhi :
_bSterling Publisher,
_c2012.
300 _a24 unnumbered pages :
_bcolor illustrations ;
_c18 cm
505 _aE
520 _aEach step has a suitable theme and number of words to suit the learning abilities of children according to their age. This enables children to achieve linguistic and literary fluency, develop critical reading skills and self confidence. A special feature is the witty illustrations and a focus on language play, so that the mastery of language is accelerted by the fun element.
521 8 _a200
_bLexile estimate
521 8 _aE
_bRaz-Plus
650 _aChicken
_vFolkler
_xJuvenile Literature
942 _2ddc
_cBK
_n0
999 _c7709
_d7709